Cien poemas de Kabir

Uloženo v:
Podrobná bibliografie
Hlavní autor: Tagore, Rabindranath
Médium: Kniha
Jazyk:Undetermined
Vydáno: Buenos Aires, Argentina Atenea 1923
Vydání:2
Témata:
Tagy: Přidat tag
Žádné tagy, Buďte první, kdo vytvoří štítek k tomuto záznamu!

MARC

LEADER 00000nam a2200000Ia 4500
008 170316s9999 xx 000 0 und d
090 |a 800-I T-1ci 
100 |a Tagore, Rabindranath 
245 |a Cien poemas de Kabir 
250 |a 2 
260 |a Buenos Aires, Argentina 
260 |b Atenea 
260 |c 1923 
300 |a 146 páginas 
650 |a OTRAS LITERATURAS 
650 |a INDIA 
999 |c 19909  |d 19909 
040 |a cru BVZT 
942 |c 15 D  |h 800-I T-1ci  |2 z